000 00608nam a2200229 i 4500
001 C2-0245455
003 PPAK
005 20180727210424.0
008 030312s2002 enka|||| ||||| | eng d
020 _a0721481604
040 _aPPAK
_beng
_cPPAK
_erda
082 0 4 _a428.6
_223
090 0 0 _a428.6
_bPET
_dK
245 0 0 _aPeter Pan return to never land
264 1 _aLondon :
_bLadybird Books ,
_c2002
300 _a[26 pages] :
_bcolour illustrations ;
_c18 cm
336 _2rdacontent
_atext
337 _2rdamedia
_aunmediated
338 _2rdacarrier
_avolume
650 1 0 _aReaders
942 _ddc
_cB
999 _c59492
_d59492